书目信息 |
| 题名: |
和教师的谈话
|
|
| 作者: | 赞科夫 著 ;杜殿坤 译 | |
| 分册: | ||
| 出版信息: | 1980 |
|
| 页数: | 289页 | |
| 开本: | 20cm | |
| 丛书名: | 20世纪苏联教育经典译丛 | |
| 单 册: | ||
| 中图分类: | G632.0 , G551.2 | |
| 科图分类: | ||
| 主题词: | 教学理论--中学 , 教学理论 , 教育事业--世界 | |
| 电子资源: | ||
| ISBN: | ||
| 000 | 00733oam2 2200265 450 | |
| 001 | 1557279903 | |
| 005 | 20150126155506.73 | |
| 010 | @dCNY0.70 | |
| 100 | @a19990715e19991980em y0chiy0110 ea | |
| 101 | 1 | @achi@crus |
| 105 | @ay z 000yy | |
| 200 | 1 | @a和教师的谈话@9he jiao shi de tan hua@f(苏)Л.В.赞科夫著@g杜殿坤译 |
| 210 | @d1980@h1999重印 | |
| 215 | @a289页@d20cm | |
| 225 | 2 | @a20世纪苏联教育经典译丛 |
| 461 | 0 | @12001 @a20世纪苏联教育经典译丛 |
| 606 | 0 | @a教学理论@x中学 |
| 606 | 0 | @a教学理论 |
| 606 | 0 | @a教育事业@x世界 |
| 690 | @aG632.0@v5 | |
| 690 | @aG551.2@v4 | |
| 701 | 1 | @a赞科夫@9zan ke fu@bЛ.В.@4著 |
| 702 | 0 | @a杜殿坤@9du dian kun@4译 |
| 801 | 0 | @aCN@bTSSF@c20150126 |
| 905 | @aZUCC@dG551.2@eJY33 | |
| 和教师的谈话/(苏)Л.В.赞科夫著/杜殿坤译.-1980(1999重印) |
| 289页;20cm.-(20世纪苏联教育经典译丛) |
| ISBN :CNY0.70 |
| ● |
| 相关链接 |
|
|
|
|
正题名:和教师的谈话
索取号:G551.2/JY33
 
预约/预借
| 序号 | 登录号 | 条形码 | 馆藏地/架位号 | 状态 | 备注 |
| 1 | 7838050 | 278380501 | 学院路分馆/ [索取号:G551.2/JY33] | 在馆 | |
| 2 | 7838051 | 278380510 | 学院路分馆/ [索取号:G551.2/JY33] | 在馆 |